Shortest US Presidencies Quiz Stats

 Plays Quiz Updated Jun 19, 2018

Score 0/10 Timer 02:00
1 Play Today
# of Days (Reason) President % Correct
1,036 (Assassinated)John F. Kennedy
88.9%
32 (Pneumonia)William Henry Harrison
80.5%
199 (Assassinated)James A. Garfield
72.5%
895 (Presidential Succession)Gerald Ford
69.4%
1,419 (Presidential Succession)Andrew Johnson
69%
1,430 (Presidential Succession)John Tyler
54.4%
491 (Gastroenteritis)Zachary Taylor
54.4%
881 (Heart Attack)Warren G. Harding
50.2%
1,262 (Presidential Succession)Chester A. Arthur
44.3%
969 (Presidential Succession)Millard Fillmore
38.3%

You're not logged in!

Compare scores with friends on all Sporcle quizzes.
OR
Log In

Sporcle TV

Today on Sporcle TV


Watch our educational content, quiz creation guides, and fun videos on Sporcle TV.

Show Comments

Extras

Top Quizzes Today


Score Distribution

Your Account Isn't Verified!

In order to create a playlist on Sporcle, you need to verify the email address you used during registration. Go to your Sporcle Settings to finish the process.

Report this User

Report this user for behavior that violates our Community Guidelines.

Details: